| 000 | 00449nam a22001457a 4500 | ||
|---|---|---|---|
| 008 | 220302b |||||||| |||| 00| 0 eng d | ||
| 020 | _a9781337408745 | ||
| 050 | _aHB 172 .5 .M34 2019 | ||
| 100 | _aMcEachern,Willoiam A. | ||
| 245 |
_aMacro econ 6: _bprinciples of macroeconomics/ |
||
| 260 |
_aAustralia: _bCenacage, _cc2019. |
||
| 300 |
_avi,362p.: _bill.;(chifly col.) _c28cm |
||
| 504 | _aInclude index | ||
| 942 |
_2lcc _mHB 172 .5 .M34 2019 _cBOOKS |
||
| 999 |
_c31350 _d31350 |
||